000 01289nam0a2200277 4500
001 RU\NLR\bibl\151767
005 20260407063827.0
021 _aRU
_b2000-42291
_91953
035 _a(NLR Aleph) 000148774
090 _a853357
_c853357
100 _a20010426d2000 |||y0rusy50 ca
101 0 _arus
102 _aRU
105 _ay |||||||||
200 1 _aСпособы предпосевной подготовки семян овощных культур
_e(Рекомендации)
_fРос. акад. с.-х. наук, Всерос, науч.-исслед. ин-т овощеводства
_g[Подгот.: д. с.-х. н., проф. Лудилов В.А. и др.]
210 _aМ.
_cРоссельхозакад. ВНИИО
_d2000
215 _a32 с.
_d20
606 0 _aОвощные культуры
_jМетодические пособия
_xСемена
_xПредпосевная обработка
_91758567
_3RU\NLR\auth\66788515
686 _aП24-37я8
702 1 _aЛудилов
_bВ. А.
_4220
712 0 2 _4570
_aВсероссийский НИИ овощеводства
_cВерея, Московская обл.
_3RU\NLR\AUTH\8810031185
_9561013
801 0 _aRU
_bNLR
_c20010426
_gPSBO
801 1 _aRU
_bNLR
_c20010426
942 _cBOOK
980 _aNB